Condición y funciones de los representantes de los trabajadores
Gardado en:
| Autor Corporativo: | |
|---|---|
| Formato: | Libro |
| Idioma: | Lingua castelá |
| Publicado: |
Ginebra
Oficina Internacional del Trabajo
1960
|
| Series: | Relaciones de Trabajo, 8
|
| Subjects: | |
| Tags: |
Engadir etiqueta
Sen Etiquetas, Sexa o primeiro en etiquetar este rexistro!
|
MARC
| LEADER | 00000nam a2200000 a 4500 | ||
|---|---|---|---|
| 001 | UCS2745 | ||
| 003 | CL-VaPUC | ||
| 008 | 970604e19600000SZ |||||||||||||||||spa|d | ||
| 082 | 0 | 4 | |a 344.01 |b OIT |2 21 |
| 110 | 2 | |a OIT |e author |9 388527 | |
| 245 | 1 | 0 | |a Condición y funciones de los representantes de los trabajadores |
| 300 | |a 161 p | ||
| 942 | |c BK | ||
| 945 | |d 19970604 00:00:00 |a lriquelm | ||
| 260 | |a Ginebra |b Oficina Internacional del Trabajo |c 1960 | ||
| 600 | 0 | 7 | |a OIT |2 CL-VaPUC |9 388527 |
| 650 | 7 | |a DELEGADO DEL PERSONAL |2 CL-VaPUC |9 388528 | |
| 650 | 7 | |a DEBERES DERIVADOS DE LA FUNCION |2 CL-VaPUC |9 388529 | |
| 650 | 7 | |a SECRETO PROFESIONAL |2 CL-VaPUC |9 383358 | |
| 650 | 0 | |a Informes |9 334810 | |
| 583 | |a last modification |c 19970604 00:00:00 |k Rodrigo Vera | ||
| 490 | 0 | |a Relaciones de Trabajo, 8 | |
| 999 | |c 260683 |d 260681 | ||
| 952 | |0 0 |1 0 |4 0 |6 344_010000000000000_OIT_1960 |7 0 |8 A |9 286965 |a BIBDER |b BIBDER |d 2019-11-19 |i 1863762 |o 344.01 OIT 1960 |p 1863762 |r 2019-11-19 |w 2019-11-19 |y BK |k DER | ||